00460 2200181 4500001002100000005001500021008004100036020001800077035001900095041000700114082000800121090001400129100002300143245001700166260005200183300001900235650002400254INLIS00000000001438220241224114732241224||||||||| | ||| |||| || |  a979-3258-45-4 0010-1224014382 aid0 a400 a400 TOT j0 aTotok Suhardiyanto00aJalan Bahasa aJakarta Selatan.bWidayatama Widya Sastrac2005 a138hlm;14x20cm 0aBahasa & Linguistik